مكتبة جامعة عجلون الوطنية

فهرس بحث المكتبة

Normal view MARC view
  • الدليمي، صبحي احمد، م.مشارك شيماء غازي عبود خلف الكربولي

Entry Personal Name

Number of records used in: 1

001 - CONTROL NUMBER

  • control field: 62971

003 - CONTROL NUMBER IDENTIFIER

  • control field: JO-AjAnu

005 - DATE AND TIME OF LATEST TRANSACTION

  • control field: 20230606084300.0

008 - FIXED-LENGTH DATA ELEMENTS

  • fixed length control field: 230606|| aca||aabn | a|a d

040 ## - CATALOGING SOURCE

  • Original cataloging agency: JO-AjAnu
  • Transcribing agency: JO-AjAnu

100 ## - HEADING--PERSONAL NAME

  • Personal name: الدليمي، صبحي احمد، م.مشارك شيماء غازي عبود خلف الكربولي

670 ## - SOURCE DATA FOUND

  • Source citation: Work cat.: (JO-AjAnu)32108: الدليمي، صبحي احمد، م.مشارك شيماء غازي عبود خلف الكربولي, author, جغرافية المدن: اسس، مفاهيم، تطبيقات